Markets (Record no. 82505)
[ view plain ]
| 000 -LEADER | |
|---|---|
| fixed length control field | 01125cad a22002055a 4500 |
| 001 - CONTROL NUMBER | |
| control field | L150429 |
| 008 - FIXED-LENGTH DATA ELEMENTS--GENERAL INFORMATION | |
| fixed length control field | 100713e2010 xxk 000 0 eng d |
| 035 ## - SYSTEM CONTROL NUMBER | |
| System control number | (Sirsi) u150429 |
| 041 0# - LANGUAGE CODE | |
| Language code of text/sound track or separate title | eng |
| 100 1# - MAIN ENTRY--PERSONAL NAME | |
| Personal name | Hatcher, David |
| 245 00 - TITLE STATEMENT | |
| Title | Markets |
| Remainder of title | trade counters |
| 260 ## - PUBLICATION, DISTRIBUTION, ETC. | |
| Date of publication, distribution, etc. | 2010 |
| 490 #0 - SERIES STATEMENT | |
| Series statement | Property Week |
| Volume/sequential designation | 76(27) 9 July 2010, 59-66(4) |
| 520 ## - SUMMARY, ETC. | |
| Summary, etc. | Travis Perkins Group's prospective takeover of BSS Group approved by markets and analysts. Toolstation set to expand from 66 to 106 outlets by the end of 2010. Kent-based developer Terence Butler Holdings moves into trade counter units for the first time. Chancerygate is masterplanning two trade counter sites in Stockport and Sefton. Richard Hardy of Carter Jonas suggests that tenants have the upper hand in the UK trade counter sector. Four tile retailers seek to dominate tile trade counter market. CB Richard Ellis Investors, owners of 8m sq ft of UK trade counters, aims to boost its portfolio. |
| 590 ## - LOCAL NOTE (RLIN) | |
| Local note | KA |
| 651 #4 - SUBJECT ADDED ENTRY--GEOGRAPHIC NAME | |
| Geographic name | United Kingdom |
| Chronological subdivision | |
| 690 ## - LOCAL SUBJECT ADDED ENTRY--TOPICAL TERM (OCLC, RLIN) | |
| Topical term or geographic name as entry element | PROPERTY-COMMERCIAL PROPERTY-COMMERCIAL PROPERTY MARKET |
| 700 1# - ADDED ENTRY--PERSONAL NAME | |
| Personal name | Hardy, Richard |
| 942 ## - ADDED ENTRY ELEMENTS (KOHA) | |
| Suppress in OPAC | 0 |
| Withdrawn status | Lost status | Source of classification or shelving scheme | Damaged status | Not for loan | Home library | Current library | Shelving location | Date acquired | Total Checkouts | Full call number | Barcode | Date last seen | Copy number | Price effective from | Koha item type |
|---|---|---|---|---|---|---|---|---|---|---|---|---|---|---|---|
| Dewey Decimal Classification | London | London | Journal article | 13/07/2010 | L150429 | 150429-1001 | 06/08/2019 | 1 | 06/08/2019 | Journal article |